Egress design solutions : a guide to evacuation and crowd management planning
The architect's primary source for information on designing for egress, evacuation, and life safety, Egress Design Solutions, Emergency Evacuation and Crowd Management Planning, is written by proven experts on egress issues. Meacham and Tubbs are engineers with Arup, an international firm with...
שמור ב:
| מחבר ראשי: | |
|---|---|
| פורמט: | ספר |
| שפה: | Undetermined |
| יצא לאור: |
Hoboken, N.J.
John Wiley & Sons
2007
|
| נושאים: | |
| תגים: |
הוספת תג
אין תגיות, היה/י הראשונ/ה לתייג את הרשומה!
|
| Thư viện lưu trữ: | Trung tâm Học liệu Trường Đại học Cần Thơ |
|---|
| LEADER | 01536nam a2200229Ia 4500 | ||
|---|---|---|---|
| 001 | CTU_163948 | ||
| 008 | 210402s9999 xx 000 0 und d | ||
| 020 | |c 120 | ||
| 082 | |a 628.922 | ||
| 082 | |b T884 | ||
| 100 | |a Tubbs, Jeffrey S. | ||
| 245 | 0 | |a Egress design solutions : | |
| 245 | 2 | |b a guide to evacuation and crowd management planning | |
| 245 | 0 | |c Jeffrey S. Tubbs, Brian J. Meacham | |
| 260 | |a Hoboken, N.J. | ||
| 260 | |b John Wiley & Sons | ||
| 260 | |c 2007 | ||
| 520 | |a The architect's primary source for information on designing for egress, evacuation, and life safety, Egress Design Solutions, Emergency Evacuation and Crowd Management Planning, is written by proven experts on egress issues. Meacham and Tubbs are engineers with Arup, an international firm with a stellar reputation for quality design and engineering. Their book examines egress solutions in terms of both prescriptive and performance-based code issues. A portion of the book focuses on techniques for providing egress design solutions and for coordinating egress systems with other critical life safety systems. Another part reviews historic and recent tragic life-loss fire events. As such, this is easily the most comprehensive take on the subject, written especially for architects | ||
| 650 | |a Fire escapes,Buildings,Building layout,Crowd control,Thoát khỏi đám cháy,Kiểm soát đám đông,Tòa Nhà | ||
| 650 | |x Evacuation,Sơ Tán | ||
| 910 | |a Nguyên | ||
| 980 | |a Trung tâm Học liệu Trường Đại học Cần Thơ | ||